=LDR 00000nam 2200000 4500 =001 INLIS000000000015288 =005 20130612110553 =008 ***********************************979-553-303-7** =035 ##$$0010-061300000015288 =041 ##$$a 979-553-303-7 =082 ##$$a 636.082.4 =090 ##$$a 636.082.4, Har.2 =100 ##$$a Hardjosubroto, Wartono =245 ##$$a Aplikasi Pembiakan Ternak di Lapung, Waromo Hardjosubroto =260 ##$$a 1994 $b Jakarta =300 ##$$a V, 284 hlm, Ilus, 21 cm =650 ##$$a Ternak-Pemeliharaan =850 ##$$a NBPNMAT